| 000 | 01070cam a22003377a 4500 | ||
|---|---|---|---|
| 003 | CHAP | ||
| 005 | 20220329142347.0 | ||
| 008 | 000926d1996 es r 00110 esp d | ||
| 010 | _a82354 | ||
| 011 | _a83326 | ||
| 020 | _a84-7114-625-8 | ||
| 020 | _a8449102057 | ||
| 035 | _a93837 | ||
| 040 | _cCHAP | ||
| 082 | 0 | 4 |
_a625.74 _bD3 1996 |
| 100 | 0 | 0 |
_aDal-ré Tenreiro, Rafael. _930924 |
| 245 | 1 | 0 |
_aCaminos rurales : _bproyecto y construcción _c/por Rafael Dal-ré Tenreiro |
| 250 | _a2a ed. | ||
| 260 |
_aMadrid : _bMinisterio de Agricultura Pesca y Alimentación _c1996. |
||
| 300 | _a212 p. | ||
| 590 |
_aBATCH-UPD _b10 _c20130110 _lUCH01 _h1918 |
||
| 590 |
_aBATCH-UPD _b10 _c20130410 _lUCH01 _h1244 |
||
| 590 |
_aBATCH-UPD _b10 _c20130914 _lUCH01 _h0824 |
||
| 590 |
_aCONVERSION _b10 _c20130109 _lUCH01 _h1346 |
||
| 650 | 1 | 4 |
_aCaminos rurales. _917875 |
| 650 | 1 | 4 |
_aCaminos _xPlaneación. _917866 |
| 901 | _aBK | ||
| 905 | _aPatricia Mendoza P. | ||
| 942 | _cLIBRO | ||
| 949 |
_a625.74 D3 1996 _bBC _cLIBRO _d33724000792016 _eLIBRO _g206406 _h98665 _i93837 _si _t$178.50 |
||
| 999 |
_c82354 _d82354 |
||